| 000 | 00957nam a2200337 4500 | ||
|---|---|---|---|
| 001 | 0178894 | ||
| 003 | DO-SdBNP | ||
| 005 | 20180221100615.0 | ||
| 007 | 0178894 | ||
| 008 | 920421s1992 sp a | |||| ||spa | ||
| 016 | 7 |
_a _2BPMSU |
|
| 017 |
_a _b |
||
| 020 | _a8434836645 | ||
| 035 | _a | ||
| 040 |
_aBPMSU _bspa _cBPMSU _e |
||
| 041 | 1 |
_aspa _h |
|
| 080 | 0 | _a | |
| 100 | 1 | _aTownson, Hazel | |
| 245 | 1 | 3 |
_aLa fiesta de Víctor / _cHazel Townson ; traducción Carmen Vázquez-Vigo ; ilustraciones de Tony Ross _h |
| 250 | _a2a. ed. | ||
| 260 |
_aMadrid : _bSM, _c1992. |
||
| 300 |
_a77 p.: _bil. ; _c20 cm |
||
| 490 | 0 |
_aEl barco de vapor _aSerie azul _v41 |
|
| 521 | _aA partir de 7 años. | ||
| 700 | 1 |
_aVázquez-Vigo, Carmen _etr. |
|
| 700 | 1 |
_aRoss, Tony _d1938- _eil. |
|
| 830 | 0 |
_aEl barco de vapor. _pSerie azul _v41 |
|
| 942 |
_2ddc _cBK |
||
| 945 | _aInventariado, 2018/ YL | ||
| 956 |
_aVMATEO _210 _320160407 _6BPMSU _80069 |
||
| 999 |
_c9604 _d9604 |
||